000 00957nam a2200277 i 4500
001 6247
003 ES-MaACL
005 20250813063253.0
007 t|
008 890911s1986 fr ||||0| fre d
020 _a2-07-070444-0
080 _a75(45)"14"
080 _a75(04)
100 1 _aBaxandall, Michael,
_d1933-2008
_926639
245 1 2 _aL'Oeil du Quattrocento
_b: l'usage de la peinture dans l'Italie de la Renaissance /
_cMichael Baxandall ; traduit de l'anglais par Yvette Delsaut.
260 _aParis :
_bGallimard,
_cD.L. 1986.
300 _a254 p. :
_bil. ;
_c23 cm.
490 1 _aBibliothèque illustrée des histoires
500 _aIndice.
650 4 _aPintura renacentista-
_zItalia.
_916077
650 7 _aArte y sociedad
_2embne
_9177489
700 1 _aDelsaut, Yvette.
_943594
830 0 _aBibliothèque illustrée des histoires
_9177490
852 _aES-MaACL
_jL-13374
_bR.115516
_z. - tela
999 _c6247
_d6247